| 000 | 00000nam##2200000za#4500 |
| 001 | 9.648407 |
| 003 | CaOODSP |
| 005 | 20210927150317 |
| 007 | ta |
| 008 | 150407|2002||||xxc||||| f|0| 0 eng|d |
| 020 | |a0-662-31352-6 |
| 040 | |aCaOODSP|beng |
| 043 | |an-cn--- |
| 086 | 1 |aR2-186/2001E |
| 110 | 1 |aCanada. |bIndian and Northern Affairs Canada. |
| 245 | 10|aResults of the survey on food quality in six isolated communities in Labrador, March 2001 / |cprepared by Luc L. Ladouceur and Frederick Hill. |
| 260 | |aOttawa - Ontario : |bIndian and Northern Affairs |c2002. |
| 300 | |av, 21p. : |bgraphs, tables ; |c28 cm. |
| 500 | |a"The survey gathered information on how satisfied both customers and retailers were with the quality and variety of perishable foods shipped to their communities. These communities included Black Tickle, Hopedale, Makkovik, Nain, Postville and Rigolet."--Executive summary. |
| 520 | 3 |aThe survey gathered information on how satisfied both customers and retailers were with the quality and variety of perishable foods shipped to their communities. These communities included Black Tickle, Hopedale, Makkovik, Nain, Postville and Rigolet.--Executive summary |
| 563 | |aSoftcover |
| 590 | |a02-08|b2002-02-22 |
| 690 | 07|aFood|2gcpds |
| 690 | 07|aPublic opinion polls|2gcpds |
| 690 | 07|aNorthern Canada|2gcpds |
| 720 | 1 |aHill, Frederick |
| 720 | 1 |aLadouceur, Luc L. |
| 775 | 08|tRésultats du sondage sur la qualité des aliments dans six collectivités isolées du Labrador, mars 2001 / |w(CaOODSP)9.681693 |
| 776 | 0#|tResults of the survey on food quality in six isolated communities in Labrador, March 2001 / |w(CaOODSP)9.698063 |